Αρχές Οικονομικής (Record no. 6442)
[ view plain ]
| 000 -LEADER | |
|---|---|
| fixed length control field | 02237cam a22002294a 4500 |
| 005 - ΗΜΕΡΟΜΗΝΙΑ ΚΑΙ ΩΡΑ ΤΕΛΕΥΤΑΙΑΣ ΕΝΗΜΕΡΩΣΗΣ | |
| Πεδίο ελέγχου | 20250605164242.0 |
| 008 - FIXED-LENGTH DATA ELEMENTS--GENERAL INFORMATION | |
| Πεδίο ελέγχου σταθερού μήκους | 250528s ||||||||||||||||||||||||d |
| 035 ## - SYSTEM CONTROL NUMBER | |
| System control number | 21379 |
| 020 ## - ISBN | |
| ISBN | 9789602188774 |
| 040 ## - ΠΗΓΗ ΚΑΤΑΛΟΓΟΓΡΑΦΗΣΗΣ | |
| Φορέας πρωτότυπης καταλογογράφησης | MC Athens Campus Library |
| Γλώσσα καταλογογράφησης | Ελληνικά, Μοντέρνα (1453-) |
| Modifying agency | MC Athens Campus Library |
| Κανόνες περιγραφικής καταλογογράφησης | AACR2 |
| 245 1# - ΤΙΤΛΟΣ ΚΑΙ ΔΗΛΩΣΗ ΥΠΕΥΘΥΝΟΤΗΤΑΣ | |
| Τίτλος | Αρχές Οικονομικής |
| 260 ## - PUBLICATION, DISTRIBUTION, ETC. | |
| Date of publication, distribution, etc. | 2013 |
| 300 ## - PHYSICAL DESCRIPTION | |
| Extent | 776 |
| 520 ## - SUMMARY, ETC. | |
| Summary, etc. | Το βιβλίο αυτό δίνει τη δυνατότητα στον αναγνώστη να προσεγγίσει τα σημαντικά πρόσφατα γεγονότα από τη σκοπιά της οικονομικής επιστήμης και να εμβαθύνει σε σύνθετα ζητήματα της οικονομικής και πολιτικής ζωής. Το Πεδίο Εφαρμογής των Οικονομικών, Τι Είναι τα Οικονομικά;, Το Οικονομικό Πρόβλημα, Πώς Λειτουργούν οι Αγορές, Ζήτηση και Προσφορά, Αποτελεσματικότητα και Δικαιοσύνη, Κρατικές Παρεμβάσεις στις Αγορές, Επιχειρηματικές Αποφάσεις και Στρατηγικές, Παραγωγή και Κόστος, Ανταγωνιστικές Αγορές, Μονοπώλια, Μονοπωλιακός Ανταγωνισμός και Ολιγοπώλιο, Εκτίμηση των Επιχειρηματικών Συνθηκών, Πραγματικό ΑΕΠ, Παρακολούθηση της Απασχόλησης και του Πληθωρισμού, Χρηματοοικονομική Δραστηριότητα και Χρήμα, Χρηματοπιστωτικές Αγορές, Χρήμα και Τράπεζες, Μακροοικονομική Επίδοση και Πολιτική, Συνολική Προσφορά και Συνολική Ζήτηση, Μεγέθυνση και Πληθωρισμός και Κύκλοι, Δημοσιονομική και Νομισματική Πολιτική. |
| 700 1# - ΠΡΟΣΘΕΤΗ ΑΝΑΓΡΑΦΗ--ΦΥΣΙΚΟ ΠΡΟΣΩΠΟ | |
| Personal name | Matthews Kent |
| 9 (RLIN) | 3346 |
| 700 1# - ΠΡΟΣΘΕΤΗ ΑΝΑΓΡΑΦΗ--ΦΥΣΙΚΟ ΠΡΟΣΩΠΟ | |
| Personal name | Parkin Michael |
| 9 (RLIN) | 3320 |
| 700 1# - ΠΡΟΣΘΕΤΗ ΑΝΑΓΡΑΦΗ--ΦΥΣΙΚΟ ΠΡΟΣΩΠΟ | |
| Personal name | Powell Melanie |
| 9 (RLIN) | 3347 |
| 700 1# - ΠΡΟΣΘΕΤΗ ΑΝΑΓΡΑΦΗ--ΦΥΣΙΚΟ ΠΡΟΣΩΠΟ | |
| Personal name | Μινόγλου Μάγγη |
| 9 (RLIN) | 7426 |
| 942 ## - ADDED ENTRY ELEMENTS (KOHA) | |
| Koha item type | Books |
| Τύπος τεκμηρίου | Βιβλιοθήκη | Τρέχουσα τοποθεσία | Barcode | Αριθμός εισαγωγής | Ημερομηνία απόκτησης | Ταξιθετικό σύμβολο | Αριθμός αντιτύπου | Κατάσταση απόσυρσης | Κατάσταση χαμένου | Κατάσταση κατεστραμμένου | Μη δανεισμός | Σύνολο δανεισμών | Σύνολο ανανεώσεων | Ημερομηνία τελευταίας εμφάνισης | Χρονολογία τελευταίου δανεισμού | Η τιμή ισχύει από |
|---|---|---|---|---|---|---|---|---|---|---|---|---|---|---|---|---|
| Books | MC Athens Campus Library | MC Athens Campus Library | 9780000064417 | 5720 | 05/06/2025 | REF 330 PAR | 2 | 3 | 3 | 08/12/2025 | 20/11/2025 | 05/06/2025 |